000 01229nam a2200289 i 4500
001 93416
003 ES-MaACL
005 20251015063110.0
007 t|
008 050526s1963 sp ||||1| spa d
080 _a75 Mercade, Jaime (083.82)
100 1 _aMercadé, Jaume,
_d1889-1967
_980416
245 1 0 _aJaime Mercadé
_b: exposición antológica : [Sala de Santa Catalina del Ateneo de Madrid, 24 de enero-14 de febrero de 1963] /
_c[Texto: Carlos Antonio Arean].
260 _a[Madrid :
_bs.n.,
_c1963] (
_fImprenta Nacional del Boletín Oficial del Estado)
300 _a[44] p. :
_bprincipalmente il. n. ;
_c21 cm.
490 1 _aCuadernos de arte. Colección ordinaria ;
_v103
600 1 4 _aMercadé, Jaume,
_d1889-1967-
_vExposiciones
_980417
610 2 7 _aAteneo de Madrid-
_vExposiciones-
_y1960-1969.
_91920
655 7 _2tgfbne
_9193628
_aCatálogos de exposiciones
700 1 _aAreán, Carlos,
_d1921-1996
_922562
710 2 _aAteneo de Madrid.
_bSala de Santa Catalina.
_91964
830 0 _aCuadernos de arte. Colección ordinaria
_v103
_9180064
852 _aES-MaACL
_j2193-F-5
_996853
_bR.136102
_cDEPOF
852 _aES-MaACL
_jG-13301(2).
942 _2udc
_cFOLLETOS
999 _c93416
_d93416